000 00388 a2200109 4500
001 ART_13027
005 20260410161816.0
008 260409a
245 1 0 _aLa actividad jurisdiccional de la administración
100 1 _aAberastury, Pedro
773 0 _tRevista Juridica de Buenos Aires
_gLa tutela judicial efectiva en la justicia administrativa (ene. 2008)
_wREV4315
999 _c21948
_d21948